| 000 | 01184nam a22001577a 4500 | ||
|---|---|---|---|
| 041 | _aukr | ||
| 080 | _a09 | ||
| 090 | _bЧАТ | ||
| 100 | _aЧаттопадхай, Т. | ||
| 245 | _aTypes of dictionaries, struture and functions | ||
| 260 |
_aОстрог _bКАФ _c2014 |
||
| 300 | _a62 | ||
| 520 |
_aIntroduction.
1. What is Lexicography?
2. Dictionaries and encyclopedias
3. Types of dictionary
4. Component parts of the dictionary
5. Dictionaries in Applied Linguistics
6. Dictionaries in Second/Foreign Language. Teaching and Learning
7. Main types of English dictionaries
8. Etymological survey of English vocabulary
9. Ways of replenishment Modern English vocabulary. A. Assimilation of Borrowings
10. Ways of replenishment Modern English vocabulary. B. Semantic extension
11. Homonymy
12. The structure of the English word and the English word-formation
13. Word formation: Affixation. Prefixation
14. Suffixation
15. Conversion
16. Word composition
17. Paradigmatic relations between words in English: Hyponymy, Antonymy and Semantic fields
18. Word groups
19. Phraseology
References. _0Lexicography, dictionary, vocabulary |
||
| 650 | _aResearch Papers | ||
| 999 |
_c285424 _d285424 |
||
| 942 | _cBK | ||